Yaaram ( يارم ) / (Record no. 617374)

000 -LEADER
fixed length control field 00328nam a2200133 4500
040 ## - CATALOGING SOURCE
Transcribing agency 0
082 ## - DEWEY DECIMAL CLASSIFICATION NUMBER
Classification number 891.43,AHM
100 ## - MAIN ENTRY--PERSONAL NAME
Personal name Hameed, Sumaira
9 (RLIN) 98526
245 ## - TITLE STATEMENT
Title Yaaram ( يارم ) /
Statement of responsibility, etc. Sumaira Hameed
260 ## - PUBLICATION, DISTRIBUTION, ETC.
Place of publication, distribution, etc. Lahore
Name of publisher, distributor, etc. Ilm o Irfan
Date of publication, distribution, etc. 2019
300 ## - PHYSICAL DESCRIPTION
Extent 536 p.;
650 ## - SUBJECT ADDED ENTRY--TOPICAL TERM
Topical term or geographic name entry element Noval
9 (RLIN) 107828
942 ## - ADDED ENTRY ELEMENTS (KOHA)
Source of classification or shelving scheme
Koha item type Fiction
Call number prefix 891.43,AHM
Holdings
Withdrawn status Lost status Source of classification or shelving scheme Damaged status Not for loan Permanent Location Current Location Shelving location Date acquired Full call number Barcode Date last seen Price effective from Koha item type
          Military College of Signals (MCS) Military College of Signals (MCS) General Stacks 05/11/2026 891.43,AHM MCS38982 05/11/2026 05/11/2026 Fiction
© 2023 Central Library, National University of Sciences and Technology. All Rights Reserved.